| 000 | 00557nam a22001577a 4500 | ||
|---|---|---|---|
| 003 | NUST | ||
| 038 | _aNusrat Nadeem | ||
| 082 | _a200 | ||
| 100 |
_aSattar, Hafiza Zunera Abdul _9129134 |
||
| 245 |
_aSafe and Stable Software-Defined Vehicular Communication Under Foggy Weather Conditions/ _cHafiza Zunera Abdul Sattar |
||
| 264 |
_aIslamabad: _bSEECS NUST. _c2025. |
||
| 650 |
_a MS-Electrical Engineering _9129135 |
||
| 700 |
_aSupervisor: Dr. Huma Ghafoor _9104658 |
||
| 856 | _u http://10.250.8.41:8080/xmlui/handle/123456789/53329 | ||
| 942 |
_2ddc _cSC |
||
| 999 |
_c613863 _d613863 |
||